| 000 | 01096nam a22002537a 4500 | ||
|---|---|---|---|
| 005 | 20110513121547.0 | ||
| 008 | 110513t xxu||||| |||| 00| 0 eng d | ||
| 010 | _aB-430593 | ||
| 020 |
_a0195646401 _c245.00 |
||
| 020 |
_a9780195646405 _c245.00 |
||
| 035 | _aB-430593 | ||
| 037 | _bAllied Pub / Ven | ||
| 040 |
_adpl _bEnglish |
||
| 082 | _a 480.71054 | ||
| 100 |
_aViswanathan, Gauri. _928084 |
||
| 245 |
_aMasks of conquest : _cGauri Viswanathan. _bliterary study and British rule in India / |
||
| 260 |
_aNew Delhi _bOxford University Press _c2009 |
||
| 270 |
_aYMCA Library Building, Jai Singh Road, _bNew Delhi _e110001 |
||
| 300 |
_ax, 198p. _c22cm (pbk) |
||
| 500 | _aIncludes bibliographical references and index | ||
| 942 |
_2ddc _cEN _mVIS _h480.71054 |
||
| 999 |
_c52433 _d52433 |
||